[Event "Gatineau Judith Polgar"]
[Site "Gatineau"]
[Date "2015.01.27"]
[Round "3"]
[White "Scantland, Patrick"]
[Black "Morel, Joseph"]
[Result "0-1"]
[WhiteElo "1748"]
[BlackElo "1685"]
[PlyCount "68"]
[EventDate "2015.01.13"]
[EventType "swiss"]
[EventRounds "5"]
[EventCountry "CAN"]
[SourceTitle "EXT 2022"]
[Source "ChessBase"]
[SourceDate "2021.10.06"]
[SourceVersion "1"]
[SourceVersionDate "2021.10.06"]
[SourceQuality "1"]

1. d4 d5 2. c4 e6 3. Nc3 Nf6 4. cxd5 exd5 5. Qc2 c6 6. Bg5 Nbd7 7. e3 Bd6 8. Bd3 h6 9. Bh4 0-0 10. Nge2 Re8 11. 0-0-0 a5 12. e4 dxe4 13. Nxe4 Be7 14. Kb1 Nxe4 15. Bxe4 Bxh4 16. g3 Be7 17. h4 Nf6 18. f3 Nxe4 19. fxe4 Bg4 20. d5 Bxe2 21. Qxe2 cxd5 22. exd5 Bxh4 23. Qg4 Bf6 24. Rxh6 Qb6 25. Rh2 Qd6 26. Rdh1 g6 27. Qf3 Qe5 28. Rf1 Rac8 29. a3 Kg7 30. Ka1 Qg5 31. Rhh1 Re3 32. Qd1 Rxa3+ 33. Kb1 Rxg3 34. d6 Rg2 0-1

[Event "Gatineau Benevoles-B"]
[Site "Gatineau"]
[Date "2014.09.23"]
[Round "3"]
[White "Akrib, Fouad"]
[Black "Morel, Joseph"]
[Result "1-0"]
[WhiteElo "1600"]
[BlackElo "1650"]
[PlyCount "39"]
[EventDate "2014.09.09"]
[EventType "swiss"]
[EventRounds "5"]
[EventCountry "CAN"]
[SourceTitle "EXT 2016"]
[Source "ChessBase"]
[SourceDate "2015.10.08"]
[SourceVersion "1"]
[SourceVersionDate "2015.10.08"]
[SourceQuality "1"]

1. e4 c5 2. Nf3 d6 3. d4 cxd4 4. Nxd4 Nf6 5. Nc3 a6 6. Be3 e5 7. Nb3 Be6 8. f3 Be7 9. Qd2 d5 10. exd5 Nxd5 11. Nxd5 Qxd5 12. Bd3 0-0 13. 0-0-0 Rd8 14. Qf2 Qc6 15. Bc5 Bxc5 16. Bxh7+ Kf8 17. Rxd8+ Ke7 18. Qh4+ f6 19. Rhd1 Be3+ 20. Kb1 1-0

[Event "Gatineau Loisirs"]
[Site "Gatineau"]
[Date "2013.10.29"]
[Round "3"]
[White "Choiniere, Rene"]
[Black "Morel, Joseph"]
[Result "0-1"]
[WhiteElo "1575"]
[BlackElo "1717"]
[PlyCount "60"]
[EventDate "2013.10.15"]
[EventType "swiss"]
[EventRounds "4"]
[EventCountry "CAN"]
[SourceTitle "EXT 2022"]
[Source "ChessBase"]
[SourceDate "2021.10.06"]
[SourceVersion "1"]
[SourceVersionDate "2021.10.06"]
[SourceQuality "1"]

1. e4 c5 2. c3 Nf6 3. e5 Nd5 4. d4 cxd4 5. cxd4 e6 6. Nf3 Bb4+ 7. Bd2 Bxd2+ 8. Qxd2 0-0 9. Bc4 Nb6 10. Bb3 d6 11. exd6 Qxd6 12. 0-0 Nc6 13. Nc3 Rd8 14. Rfd1 Ne7 15. Qe3 Nbd5 16. Nxd5 Nxd5 17. Qe5 Qe7 18. Rac1 b6 19. Rc2 Bb7 20. Rdc1 Rd7 21. Qg3 Rad8 22. Ne5 Rc7 23. Nc6 Rxc6 24. Rxc6 Bxc6 25. Rxc6 Qb4 26. h3 Qxd4 27. Bxd5 Qxd5 28. Rc7 Qxa2 29. Qf3 Rf8 30. Rxa7 Qxa7 0-1

[Event "Gatineau TORO U1900"]
[Site "Gatineau"]
[Date "2013.06.09"]
[Round "5"]
[White "Douyere, Nicolas"]
[Black "Morel, Joseph"]
[Result "1-0"]
[WhiteElo "1709"]
[BlackElo "1717"]
[PlyCount "37"]
[EventDate "2013.06.07"]
[EventType "swiss"]
[EventRounds "5"]
[EventCountry "CAN"]
[SourceTitle "EXT 2022"]
[Source "ChessBase"]
[SourceDate "2021.10.06"]
[SourceVersion "1"]
[SourceVersionDate "2021.10.06"]
[SourceQuality "1"]

1. e4 d6 2. d4 Nf6 3. Nc3 g6 4. Nf3 Bg7 5. Bc4 0-0 6. 0-0 c6 7. e5 dxe5 8. dxe5 Ng4 9. Bf4 Qa5 10. Re1 Qb6 11. Qd2 Rd8 12. Na4 Qc7 13. e6 Rxd2 14. exf7+ Kf8 15. Ng5 Nf6 16. Bxc7 b5 17. Ba5 Rd4 18. Bb4 Nd5 19. Bxd5 1-0

[Event "Gatineau TORO U1900"]
[Site "Gatineau"]
[Date "2013.06.08"]
[Round "2"]
[White "Morel, Joseph"]
[Black "Danilov, Alex"]
[Result "0-1"]
[WhiteElo "1717"]
[BlackElo "1693"]
[PlyCount "72"]
[EventDate "2013.06.07"]
[EventType "swiss"]
[EventRounds "5"]
[EventCountry "CAN"]
[SourceTitle "EXT 2022"]
[Source "ChessBase"]
[SourceDate "2021.10.06"]
[SourceVersion "1"]
[SourceVersionDate "2021.10.06"]
[SourceQuality "1"]

1. e4 c5 2. Nf3 e6 3. d4 cxd4 4. Nxd4 Nc6 5. Be3 Qc7 6. g3 a6 7. Bg2 Nf6 8. Nc3 d6 9. 0-0 Bd7 10. f4 Be7 11. f5 0-0 12. fxe6 fxe6 13. Qe2 Nxd4 14. Bxd4 e5 15. Be3 Rac8 16. h3 Be6 17. Rf2 Qd7 18. Kh2 Bc4 19. Qd2 Nh5 20. Rxf8+ Rxf8 21. b3 Be6 22. Nd5 Bd8 23. Rd1 Qf7 24. Rf1 Qe8 25. Rxf8+ Qxf8 26. g4 Nf6 27. Nxf6+ Bxf6 28. Qb4 Qe7 29. Bc1 Qc7 30. Ba3 Be7 31. c4 h6 32. Kg3 a5 33. Qd2 Kh7 34. h4 Qd8 35. Kh3 h5 36. Bf3 Bxh4 0-1

[Event "Gatineau Commanditaires"]
[Site "Gatineau"]
[Date "2013.02.26"]
[Round "1"]
[White "Morel, Joseph"]
[Black "Simard, Paul"]
[Result "1-0"]
[WhiteElo "1655"]
[BlackElo "1223"]
[PlyCount "97"]
[EventDate "2013.02.26"]
[EventType "swiss"]
[EventRounds "4"]
[EventCountry "CAN"]
[SourceTitle "EXT 2022"]
[Source "ChessBase"]
[SourceDate "2021.10.06"]
[SourceVersion "1"]
[SourceVersionDate "2021.10.06"]
[SourceQuality "1"]

1. Nf3 Nc6 2. e4 e5 3. d4 exd4 4. Nxd4 Nge7 5. Be3 Nxd4 6. Bxd4 Nc6 7. Bc3 Bc5 8. Bxg7 Rg8 9. Bc3 d6 10. g3 Be6 11. Bg2 Qe7 12. Qh5 Nd4 13. Bxd4 Bxd4 14. c3 Bb6 15. Qxh7 0-0-0 16. Bh3 Rh8 17. Bxe6+ Qxe6 18. Qf5 Qxf5 19. exf5 Rde8+ 20. Kf1 Re5 21. Nd2 Rhe8 22. Nc4 Rxf5 23. Nxb6+ axb6 24. Re1 Rfe5 25. Rxe5 dxe5 26. Ke2 f5 27. h4 c5 28. h5 e4 29. h6 Rh8 30. Ke3 Kd7 31. Kf4 Ke6 32. Rh5 Kf6 33. Rxf5+ Kg6 34. Kxe4 Rxh6 35. Ke5 Rh2 36. Rf6+ Kg5 37. f4+ Kg4 38. Rg6+ Kf3 39. Rxb6 Kxg3 40. f5 Rh5 41. Ke6 Kf4 42. f6 Re5+ 43. Kf7 Kf5 44. Kg7 Re6 45. Rxe6 Kxe6 46. f7 b5 47. f8Q Kd5 48. Qf5+ Kc4 49. Qe4# 1-0

[Event "Gatineau Service des Loisirs"]
[Site "Gatineau"]
[Date "2012.11.06"]
[Round "4"]
[White "Desjardins, Michel"]
[Black "Morel, Joseph"]
[Result "1-0"]
[WhiteElo "1911"]
[BlackElo "1623"]
[PlyCount "99"]
[EventDate "2012.10.16"]
[EventType "swiss"]
[EventRounds "4"]
[EventCountry "CAN"]
[SourceTitle "EXT 2022"]
[Source "ChessBase"]
[SourceDate "2021.10.06"]
[SourceVersion "1"]
[SourceVersionDate "2021.10.06"]
[SourceQuality "1"]

1. e4 c5 2. Nc3 Nc6 3. g3 g6 4. Bg2 Bg7 5. d3 d6 6. Be3 Nf6 7. h3 Bd7 8. Qd2 b5 9. Bh6 0-0 10. Bxg7 Kxg7 11. a3 a5 12. Nxb5 Rb8 13. c4 a4 14. Rb1 Na5 15. Nc3 Rb3 16. Nge2 Qc7 17. 0-0 e5 18. f4 Rfb8 19. f5 Bc6 20. fxg6 fxg6 21. Rf2 Rf8 22. Rbf1 Rbb8 23. Qg5 Qe7 24. Qd2 Nb3 25. Qc2 Qb7 26. Nd5 Bxd5 27. exd5 Qc7 28. Nc3 Qa5 29. Nb5 Nd4 30. Qc3 Qxc3 31. Nxc3 Ra8 32. Be4 h6 33. Bg2 Nd7 34. Rxf8 Nxf8 35. Bf3 Nxf3+ 36. Rxf3 Nd7 37. Kf2 Ra6 38. Ke1 e4 39. Nxe4 Ne5 40. Re3 Rb6 41. Nxd6 Nxd3+ 42. Rxd3 Rxd6 43. Kd2 Kf6 44. Kc2 Ke7 45. b3 axb3+ 46. Rxb3 Ra6 47. Re3+ Kd7 48. Re6 Rxe6 49. dxe6+ Kxe6 50. a4 1-0

[Event "Quebec op U1700"]
[Site "Montreal"]
[Date "2012.07.23"]
[Round "4"]
[White "Morel, Joseph"]
[Black "Plante, Marc Eric"]
[Result "0-1"]
[WhiteElo "1688"]
[BlackElo "1668"]
[PlyCount "43"]
[EventDate "2012.07.21"]
[EventType "swiss"]
[EventRounds "9"]
[EventCountry "CAN"]
[SourceTitle "EXT 2022"]
[Source "ChessBase"]
[SourceDate "2021.10.06"]
[SourceVersion "1"]
[SourceVersionDate "2021.10.06"]
[SourceQuality "1"]

1. e4 e5 2. Nf3 Nf6 3. Nc3 Nc6 4. d4 exd4 5. Nxd4 Bb4 6. Nxc6 bxc6 7. Qf3 Qe7 8. Bd2 d5 9. 0-0-0 Bg4 10. Qg3 Bxd1 11. Kxd1 0-0 12. e5 Bxc3 13. Bxc3 Ne4 14. Qe3 Nxc3+ 15. Qxc3 Rab8 16. a3 f6 17. f4 fxe5 18. fxe5 Rfe8 19. Bd3 Qxe5 20. Qxc6 Rxb2 21. Rf1 Rb1+ 22. Kd2 0-1

[Event "Quebec op U2000"]
[Site "Montreal"]
[Date "2012.07.22"]
[Round "3"]
[White "Morel, Joseph"]
[Black "Parenteau, Francois"]
[Result "1-0"]
[WhiteElo "1688"]
[BlackElo "1525"]
[PlyCount "65"]
[EventDate "2012.07.21"]
[EventType "swiss"]
[EventRounds "9"]
[EventCountry "CAN"]
[SourceTitle "EXT 2022"]
[Source "ChessBase"]
[SourceDate "2021.10.06"]
[SourceVersion "1"]
[SourceVersionDate "2021.10.06"]
[SourceQuality "1"]

1. e4 d5 2. exd5 Nf6 3. Nf3 Nxd5 4. d4 Bg4 5. Be2 Nc6 6. c4 Nb6 7. d5 Bxf3 8. Bxf3 Ne5 9. b3 e6 10. 0-0 Qf6 11. dxe6 fxe6 12. Bxb7 Rb8 13. Be4 Bd6 14. Nc3 0-0 15. Qh5 g6 16. Qh3 Nc8 17. Bc2 Ng4 18. Qxg4 Qxc3 19. Qxe6+ Kg7 20. Qe2 Ne7 21. Rb1 Kg8 22. Bb2 Qa5 23. Qg4 Rf4 24. Qe6+ Kf8 25. Bc1 Rf7 26. Bh6+ Kg8 27. Rfe1 Qh5 28. Qh3 Qxh3 29. gxh3 Nc6 30. Be4 Ne7 31. Bg5 Rbf8 32. Be3 Nf5 33. Bd5 1-0

[Event "Gatineau Commanditaires op"]
[Site "Gatineau"]
[Date "2012.03.06"]
[Round "2"]
[White "Gagnon, Fabien"]
[Black "Morel, Joseph"]
[Result "1-0"]
[WhiteElo "1984"]
[BlackElo "1692"]
[PlyCount "75"]
[EventDate "2012.02.28"]
[EventType "swiss"]
[EventRounds "4"]
[EventCountry "CAN"]
[SourceTitle "EXT 2013"]
[Source "ChessBase"]
[SourceDate "2012.11.22"]
[SourceVersion "1"]
[SourceVersionDate "2012.11.22"]
[SourceQuality "1"]

1. Nf3 Nf6 2. g3 c5 3. Bg2 Nc6 4. d4 cxd4 5. Nxd4 g6 6. 0-0 Bg7 7. c4 0-0 8. Nc3 a6 9. h3 Nxd4 10. Qxd4 d6 11. Qd3 Qc7 12. e4 Be6 13. b3 Rac8 14. Bd2 Nd7 15. Rac1 Ne5 16. Qe2 Qd7 17. Nd5 Bxd5 18. exd5 Qf5 19. Rce1 Rfe8 20. g4 Qd3 21. Qxd3 Nxd3 22. Re2 b5 23. cxb5 axb5 24. Be4 Nc5 25. Bb1 Na6 26. Rfe1 Kf8 27. Bg5 f6 28. Bd2 Rc5 29. Be4 Kf7 30. Kf1 e5 31. dxe6+ Ke7 32. b4 Rc4 33. Bd3 Rd4 34. Bxb5 Nxb4 35. Bxe8 Kxe8 36. Bxb4 Rxb4 37. Rc2 Rb8 38. Rc7 1-0

[Event "Gatineau Maisonneuve Memorial"]
[Site "Gatineau"]
[Date "2011.10.25"]
[Round "1"]
[White "Morones, Oliver"]
[Black "Morel, Joseph"]
[Result "0-1"]
[WhiteElo "1222"]
[BlackElo "1575"]
[PlyCount "74"]
[EventDate "2011.10.25"]
[EventType "swiss"]
[EventRounds "4"]
[EventCountry "CAN"]
[SourceTitle "EXT 2022"]
[Source "ChessBase"]
[SourceDate "2021.10.06"]
[SourceVersion "1"]
[SourceVersionDate "2021.10.06"]
[SourceQuality "1"]

1. e4 c5 2. d3 Nc6 3. h3 g6 4. Nc3 Bg7 5. a3 e5 6. Bd2 Nge7 7. Nf3 0-0 8. h4 d5 9. h5 dxe4 10. Ng5 exd3 11. Bxd3 Bf5 12. Nge4 b6 13. g4 Be6 14. Qf3 c4 15. hxg6 Nxg6 16. Qh3 Qh4 17. Qg2 Qe7 18. Be2 Nf4 19. Bxf4 exf4 20. 0-0-0 Rfd8 21. Qh2 h6 22. Qxf4 Nd4 23. Rde1 b5 24. Rxh6 b4 25. Nf6+ Bxf6 26. Rxf6 bxc3 27. Qg5+ Kf8 28. Bxc4 cxb2+ 29. Kb1 Rac8 30. Bxe6 Nxe6 31. Qh6+ Ke8 32. Qh5 Qxf6 33. Qb5+ Kf8 34. Qb4+ Kg8 35. Rh1 Qxf2 36. g5 Qxc2+ 37. Ka2 b1Q# 0-1

[Event "Gatineau LEO-B"]
[Site "Gatineau"]
[Date "2010.05.15"]
[Round "6"]
[White "Morel, Joseph"]
[Black "Arsenault, Yves"]
[Result "1-0"]
[WhiteElo "1326"]
[BlackElo "1543"]
[PlyCount "40"]
[EventDate "2010.04.13"]
[EventType "swiss"]
[EventRounds "6"]
[EventCountry "CAN"]
[SourceTitle "EXT 2011"]
[Source "ChessBase"]
[SourceDate "2010.11.26"]
[SourceVersion "1"]
[SourceVersionDate "2010.11.26"]
[SourceQuality "1"]

1. e4 c5 2. Nf3 Nc6 3. d4 cxd4 4. Nxd4 e6 5. Nc3 Nf6 6. Nxc6 bxc6 7. Bd3 Bb7 8. 0-0 Qc7 9. Bg5 Be7 10. Re1 d6 11. Qf3 0-0-0 12. b4 h6 13. Bd2 g5 14. Qe2 g4 15. b5 h5 16. bxc6 Bxc6 17. Rab1 Kd7 18. Nb5 Qb8 19. Nd4 Qc7 20. Nxc6 Rc8 1-0

[Event "Gatineau LEO-B"]
[Site "Gatineau"]
[Date "2010.04.27"]
[Round "3"]
[White "Berthiaume, Serge"]
[Black "Morel, Joseph"]
[Result "0-1"]
[WhiteElo "1300"]
[BlackElo "1326"]
[PlyCount "94"]
[EventDate "2010.04.13"]
[EventType "swiss"]
[EventRounds "6"]
[EventCountry "CAN"]
[SourceTitle "EXT 2011"]
[Source "ChessBase"]
[SourceDate "2010.11.26"]
[SourceVersion "1"]
[SourceVersionDate "2010.11.26"]
[SourceQuality "1"]

1. d4 d5 2. Nf3 Nf6 3. Bg5 e6 4. e3 Be7 5. Bd3 h6 6. Bh4 0-0 7. c4 dxc4 8. Bxc4 Nbd7 9. Nc3 c5 10. 0-0 cxd4 11. Nxd4 Nb6 12. Bd3 Nbd5 13. Nxd5 Nxd5 14. Bxe7 Qxe7 15. a3 a6 16. Rc1 Rd8 17. Qe2 e5 18. Nf5 Qe6 19. Ng3 b5 20. Rfd1 Bb7 21. Bf5 Qe7 22. Rc2 g6 23. Bh3 Kg7 24. Rdc1 Ra7 25. e4 Nf4 26. Qe3 Nxh3+ 27. gxh3 Ba8 28. Qb6 Rd6 29. Qa5 Rad7 30. Kf1 Rd1+ 31. Rxd1 Rxd1+ 32. Ke2 Qd6 33. Qc3 Rd4 34. Ke3 Rc4 35. Qd2 Qc5+ 36. Kd3 Bxe4+ 37. Nxe4 Qd4+ 38. Ke2 Qxe4+ 39. Kd1 Rd4 40. Qxd4 Qxd4+ 41. Rd2 Qf4 42. Rd6 Qxf2 43. Rxa6 Qxb2 44. Ra5 e4 45. Ra7 e3 46. Re7 Qxa3 47. Ke2 Qxe7 0-1

[Event "Quebec-ch qual"]
[Site "Gatineau"]
[Date "2010.03.23"]
[Round "3"]
[White "Wilson, Alan"]
[Black "Morel, Joseph"]
[Result "0-1"]
[WhiteElo "1405"]
[BlackElo "1292"]
[PlyCount "74"]
[EventDate "2010.03.09"]
[EventType "swiss"]
[EventRounds "5"]
[EventCountry "CAN"]
[SourceTitle "EXT 2011"]
[Source "ChessBase"]
[SourceDate "2010.11.26"]
[SourceVersion "1"]
[SourceVersionDate "2010.11.26"]
[SourceQuality "1"]

1. e4 e5 2. Nf3 d6 3. c3 Nf6 4. d4 exd4 5. Bg5 dxc3 6. Nxc3 Be7 7. Bc4 Nbd7 8. Qb3 0-0 9. 0-0-0 Nc5 10. Qc2 Qe8 11. Rhe1 Bd7 12. e5 dxe5 13. Rxe5 Be6 14. Bxe6 Nxe6 15. Bxf6 Bxf6 16. Rh5 g6 17. Nd5 Bg7 18. Ng5 Nxg5 19. Rxg5 f5 20. Nxc7 Qe7 21. Nxa8 Qxg5+ 22. Kb1 Rxa8 23. Qb3+ Kh8 24. Qxb7 Rd8 25. Rd7 Rxd7 26. Qxd7 Qf6 27. Qd2 h6 28. f4 Qb6 29. b4 a5 30. a3 Bf8 31. Ka2 axb4 32. Qb2+ Kh7 33. axb4 Bxb4 34. Qb3 Qf2+ 35. Kb1 Qf1+ 36. Kc2 Qxg2+ 37. Kd3 Qe4# 0-1

[Event "Gatineau CEH op"]
[Site "Gatineau"]
[Date "2010.02.02"]
[Round "4"]
[White "Morel, Joseph"]
[Black "Carriere, Stephen"]
[Result "1-0"]
[WhiteElo "1076"]
[BlackElo "1226"]
[PlyCount "63"]
[EventDate "2010.01.12"]
[EventType "swiss"]
[EventRounds "7"]
[EventCountry "CAN"]
[SourceTitle "EXT 2011"]
[Source "ChessBase"]
[SourceDate "2010.11.26"]
[SourceVersion "1"]
[SourceVersionDate "2010.11.26"]
[SourceQuality "1"]

1. e4 c5 2. Nf3 d6 3. c3 Nc6 4. d4 cxd4 5. cxd4 e6 6. Nc3 g6 7. Be2 Bg7 8. 0-0 Qb6 9. d5 Nce7 10. Rb1 Nf6 11. Be3 Qd8 12. Nd4 exd5 13. exd5 Nexd5 14. Nxd5 Nxd5 15. Nb5 Nxe3 16. Nxd6+ Ke7 17. Nxc8+ Rxc8 18. fxe3 Qb6 19. Kh1 Rhd8 20. Qa4 Qxe3 21. Bg4 f5 22. Rfe1 Qxe1+ 23. Rxe1+ Kf7 24. Qb3+ Kf8 25. Bf3 Bh6 26. Qe6 Bg5 27. Bd5 Kg7 28. g3 Rc5 29. Bc4 b5 30. Bb3 a5 31. h4 Rc1 32. hxg5 1-0